| 000 | 00828nam a22002057a 4500 | ||
|---|---|---|---|
| 003 | BUBTL | ||
| 008 | 230108b ||||| |||| 00| 0 eng d | ||
| 020 | _a9789848143186 | ||
| 082 | _a891.443/ Ak46e/ 2000 | ||
| 100 |
_95149 _aআখন্দ, শহীদ |
||
| 245 |
_aএকাত্তরের কালবেলায় / _cশহীদ আখন্দ |
||
| 250 | _a 1st Edn | ||
| 260 |
_aঢাকা: _bপালক পাবলিশার্স, _cc2000 |
||
| 300 |
_a111 p.: _c22 cm. |
||
| 505 | _aশহীদ আখন্দ, একাত্তরের কালবেলায়, মুক্তিযুদ্ধ, বাংলা সাহিত্য | ||
| 650 | 0 |
_91687 _aবাংলা সাহিত্য |
|
| 856 |
_k0 _l0 _yDownload |
||
| 942 |
_2ddc _cBK |
||
| 999 |
_c6906 _d6906 |
||